000 00582nam a22001577a 4500
020 _qHard Cover.
082 _a570.2
100 _aHafiz waqar Ahsan.
245 _aAn Integrated Approach to Discriminate Transcriptional Regulation underlining TRA expression in mTECS, using High Throughput Sequencing Data /
_cWaqar Ahsan, Hafiz
260 _aIslamabad:
_bNUST-RCMS,
_c2021.
300 _a72 p. :
_bill. ;
_c30cm.
650 _aMS-Bio Informatics.
_981370
700 _aDr. Rehan Zafar Paracha
_920897
942 _2ddc
_cTHE
999 _c586130
_d586130